MARC details
| 000 -LEADER |
| fixed length control field |
02889nam a2200373Ia 4500 |
| 001 - CONTROL NUMBER |
| control field |
bslw09259560 |
| 003 - CONTROL NUMBER IDENTIFIER |
| control field |
UtOrBLW |
| 005 - DATE AND TIME OF LATEST TRANSACTION |
| control field |
20210303085109.0 |
| 006 - FIXED-LENGTH DATA ELEMENTS--ADDITIONAL MATERIAL CHARACTERISTICS |
| fixed length control field |
m o d |
| 007 - PHYSICAL DESCRIPTION FIXED FIELD--GENERAL INFORMATION |
| fixed length control field |
cr un||||||||| |
| 008 - FIXED-LENGTH DATA ELEMENTS--GENERAL INFORMATION |
| fixed length control field |
140821s2014 enk o 000 0 eng d |
| 020 ## - INTERNATIONAL STANDARD BOOK NUMBER |
| International Standard Book Number |
9781783504466 (electronic bk.) |
| 040 ## - CATALOGING SOURCE |
| Original cataloging agency |
UtOrBLW |
| 050 #4 - LIBRARY OF CONGRESS CALL NUMBER |
| Classification number |
HF5630 |
| Item number |
.A38 2014 |
| 072 #7 - SUBJECT CATEGORY CODE |
| Subject category code |
KFC |
| Source |
bicssc |
| 072 #7 - SUBJECT CATEGORY CODE |
| Subject category code |
KF |
| Source |
bicssc |
| 072 #7 - SUBJECT CATEGORY CODE |
| Subject category code |
BUS001010 |
| Source |
bisacsh |
| 080 ## - UNIVERSAL DECIMAL CLASSIFICATION NUMBER |
| Universal Decimal Classification number |
657 |
| 082 04 - DEWEY DECIMAL CLASSIFICATION NUMBER |
| Classification number |
657.072 |
| Edition number |
23 |
| 245 00 - TITLE STATEMENT |
| Title |
Advances in accounting behavioral research. |
| Number of part/section of a work |
Vol. 17 |
| Medium |
[electronic resource] / |
| Statement of responsibility, etc. |
edited by Donna Bobek Schmitt. |
| 260 ## - PUBLICATION, DISTRIBUTION, ETC. |
| Place of publication, distribution, etc. |
Bingley, U.K. : |
| Name of publisher, distributor, etc. |
Emerald, |
| Date of publication, distribution, etc. |
2014. |
| 300 ## - PHYSICAL DESCRIPTION |
| Extent |
1 online resource (xvi, 217 p.) |
| 490 0# - SERIES STATEMENT |
| Series statement |
Advances in accounting behavioral research, |
| International Standard Serial Number |
1475-1488 |
| 505 0# - FORMATTED CONTENTS NOTE |
| Formatted contents note |
The impact of rule precision, information ambiguity, and conflicting incentives on aggressive reporting / Alisa G. Brink, Eric Gooden, Meha Kohli Mishra -- The impact of sole and joint responsibility on managers' escalation of commitment to unprofitable projects : an experimental investigation / Vincent K. Chong, Matt Wan -- An investigation of big five personality and propensity to commit white-collar crime / Michael J. Turner -- Leadership, budget participation, budgetary fairness, and organizational commitment / James M. Kohlmeyer ... [et al.] -- A tax planning case using a taxpayer life-cycle approach / Charles F. Kelliher -- A research note on the relationship between professional skepticism and client advocacy / Donna Bobek Schmitt, Amy M. Hageman, Robin R. Radtke -- Construct validity of organizational appeal : a newly identified influence tactic to elicit professional accountants' task commitment / Brad S. Trinkle, Marco Lam. |
| 520 ## - SUMMARY, ETC. |
| Summary, etc. |
Advances in accounting behavioral research publishes high-quality research encompassing all areas of accounting including financial, auditing, taxation, managerial and information systems, addressing a broad range of issues that affect the users, preparers and assurers of accounting information. Further, this research incorporates theory from, and contributes knowledge and understanding to, applied psychology, sociology, management science, and behavioral economics. Volume 17 of Advances in accounting behavioral research exemplifies this focus by including papers investigating group versus individual decision making, decision making under rules versus principal based standards, and white collar crime, among others. |
| 588 0# - SOURCE OF DESCRIPTION NOTE |
| Source of description note |
Print version record |
| 650 #7 - SUBJECT ADDED ENTRY--TOPICAL TERM |
| Topical term or geographic name entry element |
Business & Economics |
| General subdivision |
Accounting |
| -- |
Financial. |
| Source of heading or term |
bisacsh |
| 650 #7 - SUBJECT ADDED ENTRY--TOPICAL TERM |
| Topical term or geographic name entry element |
Accounting. |
| Source of heading or term |
bicssc |
| 650 #7 - SUBJECT ADDED ENTRY--TOPICAL TERM |
| Topical term or geographic name entry element |
Finance & accounting. |
| Source of heading or term |
bicssc |
| 650 #0 - SUBJECT ADDED ENTRY--TOPICAL TERM |
| Topical term or geographic name entry element |
Accounting |
| General subdivision |
Psychological aspects |
| -- |
Research. |
| 700 1# - ADDED ENTRY--PERSONAL NAME |
| Personal name |
Schmitt, Donna Bobek. |
| 776 1# - ADDITIONAL PHYSICAL FORM ENTRY |
| International Standard Book Number |
9781783504459 |
| 856 40 - ELECTRONIC LOCATION AND ACCESS |
| Uniform Resource Identifier |
<a href="https://www.emerald.com/insight/publication/doi/10.1108/S1475-1488201417">https://www.emerald.com/insight/publication/doi/10.1108/S1475-1488201417</a> |